Ecological survey on natural forest of Teluk Bahang Recreational Forest and Bukit Panchor Recreational Forest

Bibliographic Details
Corporate Author: UNIVERSITI Sains Malaysia
Format: Book
Published: Pulau Pinang : Forestry Department , 2002
Subjects:

MARC

LEADER 00000cam a2200000 7i4500
001 0000002131
005 20021118.0
090 0 0 |a 333.784   |b UNI 2002 
110 1 0 |a UNIVERSITI Sains Malaysia 
245 1 0 |a Ecological survey on natural forest of Teluk Bahang Recreational Forest and Bukit Panchor Recreational Forest   |c by School of Biological Sciences, University Sains Malaysia for Penang State Forestry Department 
260 0 0 |a Pulau Pinang :   |b Forestry Department ,   |c 2002 
300 |a 175 p. :   |b ill. (some col.) ;   |c 31 cm. 
500 0 0 |a Includes bibliographical references 
650 0 0 |a Forest reserves   |x Ecology   |z Pulau Pinang 
650 0 0 |a Parks   |x Ecology   |z Pulau Pinang 
998 |a JPSM 
999 |a 0000003525   |b Monograph   |c Open Shelf   |e Default branch